000
00261nam a22001217a 4500
008
170712b xxu||||| |||| 00| 0 eng d
041
_a
eng
080
_a
05
100
_a
26
101
_a
ENC
245
_a
ENCYCLOPEDIA THE SEA
_c
KNOPF.A.A
942
_2
udc
_c
BK
999
_c
20246
_d
20246